| 000 | 01424nam a22002177a 4500 | ||
|---|---|---|---|
| 005 | 20250421125547.0 | ||
| 010 | _aB-772216-245 25BACHN25 | ||
| 020 |
_a9789364688635 _c700.00 |
||
| 035 | _aB-772216-245 | ||
| 037 | _bयू.डी.एच.पब्लिशर्स एण्ड डिस्ट्रीब्यूटर्स | ||
| 082 |
_a000 _21 |
||
| 100 |
_aविक्रमजीत सर _980718 |
||
| 245 |
_aरीजनिंग गुरु 2.0/ _cविक्रमजीत सर |
||
| 250 | _a1 | ||
| 260 |
_aनई दिल्ली _bएस चाँद पब्लिशिंग _c2025 |
||
| 270 |
_aडी-92,सेक्टर-2, _bनोएडा _e201301(यू.पी.) |
||
| 300 |
_a736पृ. _c26सेमी(आजिल्द) |
||
| 500 | _aTCS के सभी नए सवालो के साथ Verbal & Non Verbal Reasoning | ||
| 942 |
_2ddc _cHN _h000 _mविक्रम _e1 |
||
| 999 |
_c210032 _d210032 |
||